Pays qui possédaient Malte à travers l'histoire - Statistiques

Statistiques générales
  • Ce quiz a été pris 60 fois
  • Le résultat moyen est 6 sur 18
Statistiques - réponses
Période Pays % Correct
1798 - 1800 République Française / Consulat
88%
1800 - 1964 Colonie de Malte et Dépendances / Royaume-Uni
87%
-218 à -27 République Romaine
54%
-27 à 395 Empire Romain
50%
1516 - 1530 Royaume d'Espagne
50%
1964 - Aujourd'hui (Nom Complet) République de Malte
40%
395 - 455 Empire Byzantin
35%
533 - 870 Empire Byzantin
35%
1130 - 1409 Royaume de Sicile
33%
1091 - 1130 Comté de Sicile
31%
-480 à -218 Empire Carthaginois
29%
1530 - 1798 Ordre de Saint-Jean de Jérusalem à Malte / Hospitaliers
17%
≈ Xe siècle av J.C/ - 725 à -480 Phénicie
17%
1409 - 1516/1530 Royaume d'Aragon
17%
1091 - 1530 Saint-Empire Romain Germanique
13%
455 - 533 Royaume Vandale
12%
909 - 1091 Califat Fatimide
10%
870 - 909 Émirat Aghlabides d'Ifriqia
4%
Aucun quiz correspondant
Distribution des résultats
% des personnes avec chaque résultat
Percentile par nombre de réponses
Votre historique - résultats
Vous n’avez pas pris ce quiz